Footballers scored in El Clasico - Statistics

General Stats
  • This quiz has been taken 68 times
  • The average score is 5 of 22
Answers on the Grid
Answers color-coded by a green-red scale on the quiz's grid according to % correct below.
David Beckham
Kaká
Philippe Coutinho
Álvaro Morata
Malcom
Ángel Di María
Gonzalo Higuaín
Miralem Pjanić
Ousmane Dembélé
Arturo Vidal
Sergio Busquets
Ansu Fati
Thiago Alcântara
Claude Makélélé
Jordi Alba
Alexander Hleb
Antonio Cassano
Pierre-Emerick Aubameyang
Casemiro
Marco Asensio
Mariano Díaz
Henrik Larsson
Isco
Eden Hazard
Diego Maradona
Edgar Davids
Sergio Agüero
Frank de Boer
Arjen Robben
Deco
Luka Jović
Yaya Touré
Cesc Fàbregas
Bojan Krkić
Ronald Araujo
Adriano
Savio
Danilo
Antoine Griezmann
Marc Bartra
 
Answer Stats
Answer % Correct
Marco Asensio
39%
Casemiro
35%
Pierre-Emerick Aubameyang
35%
Sergio Agüero
35%
Gonzalo Higuaín
32%
Philippe Coutinho
32%
Ángel Di María
29%
Mariano Díaz
26%
Ronald Araujo
26%
Ansu Fati
23%
Isco
23%
Jordi Alba
23%
Arturo Vidal
19%
Cesc Fàbregas
16%
Diego Maradona
16%
Marc Bartra
13%
Malcom
10%
Antoine Griezmann
6%
Arjen Robben
6%
Adriano
3%
Danilo
3%
Savio
0%
No matching quizzes found
Score Distribution
Percent of People with Each Score
Percentile by Number Answered
Your Score History
You have not taken this quiz